书目信息 |
| 题名: |
日本行政程序法逐条注释
|
|
| 作者: | 室井力 , 芝池义一 , 浜川清 主编 ;朱芒 译 | |
| 分册: | ||
| 出版信息: | 上海 上海三联书店 2014 |
|
| 页数: | 299页 | |
| 开本: | 23cm | |
| 丛书名: | 上海三联法学文库 | |
| 单 册: | ||
| 中图分类: | D931.321 | |
| 科图分类: | ||
| 主题词: | 行政程序法--Hang Zheng Cheng Xu Fa--法律解释--日本 | |
| 电子资源: | ||
| ISBN: | 978-7-5426-4414-5 | |
| 000 | 01233nam0 22003011 450 | |
| 001 | 350015 | |
| 005 | 20161009083044.23 | |
| 010 | @a978-7-5426-4414-5@dCNY49.00 | |
| 100 | @a20140325d2014 em y0chiy50 ea | |
| 101 | 1 | @achi@cjpn |
| 102 | @aCN@b310000 | |
| 105 | @ay z 001yy | |
| 106 | @ar | |
| 200 | 1 | @a日本行政程序法逐条注释@ARi Ben Hang Zheng Cheng Xu Fa Zhu Tiao Zhu Shi@f(日)室井力,(日)芝池义一,(日)浜川清主编@g朱芒译 |
| 210 | @a上海@c上海三联书店@d2014 | |
| 215 | @a299页@d23cm | |
| 225 | 2 | @a上海三联法学文库@AShang Hai San Lian Fa Xue Wen Ku |
| 300 | @a福特基金会资助的“中国听证制度课题延伸研究”项目内容之一 | |
| 330 | @a本书是一本逐条注释1993年颁布的日本《行政程序法》的著作,读者可以从中了解到具体条款乃至具体的法律词汇用语在立法过程中的由来,以及在适用阶段学说和判例对其内容构成的影响。 | |
| 461 | 0 | @12001 @a上海三联法学文库 |
| 606 | 0 | @a行政程序法@AHang Zheng Cheng Xu Fa@x法律解释@y日本 |
| 690 | @aD931.321@v5 | |
| 701 | 0 | @c(日)@a室井力@AShi Jing Li@f(1930~)@4主编 |
| 701 | 0 | @c(日)@a芝池义一@AZhi Chi Yi Yi@f(1945~)@4主编 |
| 701 | 0 | @c(日)@a浜川清@ABang Chuan Qing@f(1946~)@4主编 |
| 702 | 0 | @a朱芒@AZhu Mang@4译 |
| 801 | 0 | @aCN@bTANGWEI@20160802 |
| 905 | @b0887900-4@dD931.321@e101@f5 | |
| 日本行政程序法逐条注释/(日)室井力,(日)芝池义一,(日)浜川清主编/朱芒译.-上海:上海三联书店,2014 |
| 299页;23cm.-(上海三联法学文库) |
| 福特基金会资助的“中国听证制度课题延伸研究”项目内容之一 |
| ISBN 978-7-5426-4414-5:CNY49.00 |
| 本书是一本逐条注释1993年颁布的日本《行政程序法》的著作,读者可以从中了解到具体条款乃至具体的法律词汇用语在立法过程中的由来,以及在适用阶段学说和判例对其内容构成的影响。 |
| ● |
| 相关链接 |
|
|
|
|
正题名:日本行政程序法逐条注释
索取号:D931.321/101
 
预约/预借
| 序号 | 登录号 | 条形码 | 馆藏地/架位号 | 状态 | 备注 |
| 1 | 0887900 | 208879007 | 第一样本阅览室/ [索取号:D931.321/101] | 在馆 | |
| 2 | 0887901 | 208879016 | 密集书库-史法系/ [索取号:D931.321/101] | 在馆 | |
| 3 | 0887902 | 208879025 | 第一借阅区/ [索取号:D931.321/101] | 在馆 | |
| 4 | 0887903 | 208879034 | 第一借阅区/ [索取号:D931.321/101] | 在馆 | |
| 5 | 0887904 | 208879043 | 第一借阅区/ [索取号:D931.321/101] | 在馆 |